Placez les villes sur une carte de France - Statistiques

Statistiques générales
  • Ce quiz a été pris 7 837 fois
  • Le résultat moyen est 11 sur 40
Réponses sur la Carte
Les réponses sont colorées sur une échelle allant du rouge au vert en fonction du pourcentage des utilisateurs qui les ont devinées à leur premier essai. Vous pouvez retrouver ces pourcentages ci-dessous.
 
Statistiques - réponses
Réponse % Correct
Bordeaux
39%
Brest
38%
Strasbourg
38%
Nice
37%
Paris
37%
Perpignan
36%
Marseille
35%
Ajaccio
34%
Lille
34%
Nantes
34%
Bastia
33%
La Rochelle
33%
Le Havre
33%
Rennes
33%
Cherbourg-en-Cotentin
30%
Lyon
30%
Montpellier
30%
Annecy
29%
Toulon
29%
Mulhouse
28%
Amiens
26%
Fort-de-France
26%
Grenoble
26%
Mamoudzou
26%
Rouen
26%
Cayenne
24%
Toulouse
24%
Angers
23%
Nancy
23%
Pointe-à-Pitre
23%
Saint-Etienne
23%
Metz
22%
Saint-Denis (La Réunion)
22%
Pau
21%
Clermont-Ferrand
20%
Dijon
20%
Reims
19%
Orléans
17%
Tours
17%
Limoges
16%
Aucun quiz correspondant
Distribution des résultats
% des personnes avec chaque résultat
Percentile par nombre de réponses
Votre historique - résultats
Vous n’avez pas pris ce quiz